[Event "FE Carnevale GM Elite 2021"]
[Site "Bassano del Grappa"]
[Date "2021.02.13"]
[Round "1.1"]
[White "Martin Duque, Jesus"]
[Black "Suarez Uriel, Adrian"]
[Result "0-1"]
[WhiteElo "2438"]
[BlackElo "2360"]
[Annotator "TA"]
[PlyCount "62"]
[EventDate "2021.02.12"]
[EventType "tourn"]
[EventCountry "ITA"]
[SourceTitle "playchess.com"]
[Source "ChessBase"]
[SourceQuality "1"]

{[%evp 10,62,35,28,39,36,37,33,34,16,54,45,37,34,58,29,25,14,20,8,4,14,16,15,24,4,4,0,14,6,0,-4,-9,-14,-15,0,0,0,0,-160,-135,-133,-138,-133,-137,-677,-677,-12839,-673,-12840,-12840,-12835,-12831,-29997,-29998]} 1. e4 c5 2. Nf3 Nc6 3. Bb5 g6 4. Bxc6 dxc6 5. d3 Bg7 6. h3 Qc7 {B31: Sicilian: 2...Nc6 3 Bb5 g6.} 7. O-O b6 8. a4 Nf6 {White is slightly better.} 9. Be3 {[#]} c4 $146 ({Predecessor:} 9... O-O 10. a5 Ba6 11. Nc3 c4 12. Re1 cxd3 13. cxd3 Rfd8 14. axb6 axb6 15. d4 c5 16. Qd2 cxd4 17. Bxd4 Bb7 18. Rxa8 Bxa8 19. Qe3 Nd7 20. Bxg7 Kxg7 21. Rd1 Nc5 {½-½ (21) Turoczi,P (2162)-Tassone,R (2221) ICCF email 2019}) 10. Nc3 cxd3 11. cxd3 Ba6 12. Qc2 O-O 13. Rfd1 c5 14. d4 cxd4 15. Nxd4 Rac8 16. Ndb5 Qb8 17. Qb3 Bb7 18. f3 Rfd8 19. Rxd8+ Rxd8 20. Nxa7 Rd3 $1 {[%cal Rd3e3]} ({Not} 20... Qxa7 $2 21. Bxb6 Bd5 22. Qb5 $18 (22. Bxa7 Bxb3 23. a5 Bc4 $17) (22. exd5 Qb7 $18)) 21. Bxb6 {[#] aiming for Qb5.} (21. Qxb6 $2 Nd7 $17) 21... Nxe4 $1 {[%mdl 64] Pin} 22. Qc4 ({But not} 22. fxe4 $2 {[#]} Bxe4 $1 23. Qb5 Bxc3 $19) 22... Rxf3 {[%cal Re4c3]} 23. Nxe4 Bxe4 24. Qxe4 $2 (24. Nc8 $11 Bxb2 25. Rd1) 24... Qxb6+ $17 {[%mdl 64] Double Attack} 25. Kh1 {Strongly threatening Nc8.} Bxb2 26. Nc8 Re3 27. Qa8 {[%mdl 8192] Now White is beyond hope.} (27. Nxb6 $17 Rxe4 28. Rb1) 27... Qe6 $19 28. Nxe7+ Kg7 29. Qg8+ Kh6 30. Qf8+ Kh5 {( -> ...Rxh3+!)} 31. Nxg6 {[#]} Rxh3+ $1 {[%mdl 576] Demolition.  Weighted Error Value: White=0.95/Black=0.05} 0-1

[Event "FE Carnevale GM Elite 2021"]
[Site "Bassano del Grappa"]
[Date "2021.02.13"]
[Round "1.2"]
[White "Moroni, Luca Jr"]
[Black "Dardha, Daniel"]
[Result "0-1"]
[WhiteElo "2573"]
[BlackElo "2503"]
[Annotator "TA"]
[PlyCount "72"]
[EventDate "2021.02.12"]
[EventType "tourn"]
[EventCountry "ITA"]
[SourceTitle "playchess.com"]
[Source "ChessBase"]
[SourceQuality "1"]

{[%evp 9,72,63,69,70,68,63,104,96,106,97,149,87,177,173,160,171,203,204,224,226,227,223,212,230,220,225,225,162,229,247,231,193,207,213,195,214,277,251,238,239,252,139,181,37,27,40,63,43,65,0,0,0,4,-75,-51,-63,-15,-29990,-29991,-29991,-29992,-29995,-29996,-29996,-29997]} 1. d4 Nf6 2. c4 b6 3. f3 Nc6 4. Nc3 e5 5. d5 Ne7 6. e4 {A50: Queen's Fianchetto Defence (1 d4 Nf6 2 c4 b6).} Ng6 7. Nge2 {[#]} Ba6 $146 ({Predecessor:} 7... Bc5 8. a3 a5 9. Rb1 O-O 10. b4 Be7 11. Be3 Ne8 12. c5 axb4 13. axb4 bxc5 14. bxc5 {0-1 (46) Volkov,S (2580)-Rakhmanov,A (2627) Yaroslavl 2018}) 8. Qa4 {White is better.} Bb7 9. h4 Bd6 (9... Nh5 $142) 10. g3 ({White should try} 10. Nb5 $1) 10... c6 (10... h6 $16 {was called for.}) 11. h5 $18 Ne7 12. h6 gxh6 13. Bxh6 (13. Rxh6 Neg8 $16) 13... Rg8 14. g4 b5 15. cxb5 cxd5 16. g5 Nxe4 17. fxe4 d4 {[#]} 18. Bh3 dxc3 (18... Qb6 $142) 19. Nxc3 Qb6 20. O-O-O O-O-O 21. Kb1 Kb8 22. Rhf1 Bc5 {intending ...d5.} 23. Rf6 (23. Rxf7 Qg6 $16) (23. Rxd7 Rxd7 24. Bxd7 Qd6 $11) (23. Bxd7 Bd4 $14) 23... d6 24. Rxf7 {[%mdl 64] Double Attack} d5 {With the idea ...d4.} 25. Rf6 ({Inferior is} 25. Rxh7 Qg6 $11) ({White should play} 25. Qc2 $18 {Na4 is the strong threat.} Bb4 26. Bg7 (26. Rxh7 dxe4 27. Bg7 Bxc3 $14) (26. Na4 Qg6 $11)) 25... Qc7 $16 26. exd5 (26. Rc1 $1 $18 {Hoping for b6!} Be3 27. Rc2 (27. Rf7 $2 Bxc1 28. Qb4 Bd2 $19)) 26... Nxd5 $14 27. Nxd5 Bxd5 28. Rc1 {aiming for g6.} Qe7 $1 {[#]} 29. Qc2 (29. Rc6 $1 $14 Bb6 (29... Be3 30. Rc7) 30. Bf5) 29... Be3 $11 30. Re1 Bd4 31. Rff1 {[#]} (31. a3 $11 {remains equal.}) 31... Qb4 $1 $17 32. Bf5 $1 ({Not} 32. Rc1 $2 {[#]} Be4 $1 $19 {[%mdl 512]}) 32... Rc8 $40 {[%mdl 128] Black mounts an attack.} 33. Qe2 $2 {[%mdl 8192]} (33. Bxc8 $11 Rxc8 34. a3) 33... Qa4 {[%csl Gd5][%cal Ra4a2] Black mates.} 34. b3 Bxb3 35. Bxc8 Rxc8 36. Bf8 Bc2+ {Never resign too early!  Weighted Error Value: White=0.44/Black=0.12} 0-1

[Event "FE Carnevale GM Elite 2021"]
[Site "Bassano del Grappa"]
[Date "2021.02.13"]
[Round "1.3"]
[White "Subelj, Jan"]
[Black "Blohberger, Felix"]
[Result "1/2-1/2"]
[WhiteElo "2418"]
[BlackElo "2477"]
[Annotator "TA"]
[PlyCount "29"]
[EventDate "2021.02.12"]
[EventType "tourn"]
[EventCountry "ITA"]
[SourceTitle "playchess.com"]
[Source "ChessBase"]
[SourceQuality "1"]

{[%evp 27,29,0,2,0]} 1. e4 Nc6 2. Nf3 e5 3. Bb5 Nf6 4. O-O Nxe4 5. d4 Nd6 6. dxe5 Nxb5 7. a4 Nbd4 8. Nxd4 d5 9. exd6 Nxd4 10. Qxd4 Qxd6 11. Qe4+ Qe6 12. Qd4 Qd6 13. Qe4+ Qe6 14. Qd4 Qd6 {[#]} 15. Qe4+ $146 {Not much happened in this game. C67: Ruy Lopez: Berlin Defence: 4 0-0 Nxe4.} ({Predecessor:} 15. Qe3+ Be6 16. Nc3 Qc6 17. Nb5 Bc5 18. Qc3 O-O 19. Bf4 Rfc8 20. Nd4 Bxd4 21. Qxd4 Rd8 22. Qb4 a5 23. Qb5 Qxb5 24. axb5 {½-½ (32) Wei,Y (2732)-Grischuk,A (2777) Chess.com INT 2020}) 1/2-1/2

[Event "FE Carnevale GM Elite 2021"]
[Site "Bassano del Grappa"]
[Date "2021.02.13"]
[Round "1.4"]
[White "Brilej, Jaka"]
[Black "Basso, Pier Luigi"]
[Result "1-0"]
[WhiteElo "2268"]
[BlackElo "2553"]
[Annotator "TA"]
[PlyCount "83"]
[EventDate "2021.02.12"]
[EventType "tourn"]
[EventCountry "ITA"]
[SourceTitle "playchess.com"]
[Source "ChessBase"]
[SourceQuality "1"]

{[%evp 14,83,-22,-35,-36,-29,-17,-64,-70,-56,-3,-43,-10,-26,-23,-99,-106,-86,-37,-97,-96,-141,-136,-123,-102,-148,-45,-35,-34,-57,-21,-34,-41,-39,-17,-33,116,68,174,185,230,203,206,166,132,127,352,331,330,285,411,415,439,351,366,342,2528,2212,1778,803,772,766,2509,2443,1492,810,29986,29986,29986,29989,29991,29992]} 1. e4 e5 2. Nf3 Nc6 3. d4 exd4 4. Nxd4 Nf6 5. Nxc6 bxc6 6. e5 Qe7 7. Qe2 Nd5 8. h4 Qe6 {C45: Scotch Game.} 9. Nd2 $1 {9.Nd2 scores better than 9.g3.} a5 10. Qe4 Nb4 {Black is slightly better.} 11. Kd1 {[#]} Bb7 $146 (11... Bc5 $15) ({Predecessor:} 11... d5 12. exd6 Bxd6 13. c3 Nd5 14. Bd3 Qxe4 15. Nxe4 Be7 16. Kc2 h6 17. Bd2 O-O {1-0 (62) Ponkratov,P (2632)-Adhiban,B (2654) Moscow 2019}) 12. a3 Nd5 13. Be2 c5 {aiming for ...Nc3+!} 14. Qc4 (14. Bg4 $11 Qg6 15. Qxg6 hxg6 16. Bf3) 14... Qxe5 $17 15. Re1 O-O-O 16. Qb5 (16. Bf3 $15 Qd6 17. a4) 16... Qd4 17. c3 Qxf2 {[%cal Rd5e3]} 18. Nc4 Nb6 19. Nxa5 Qxg2 ({Black should try} 19... Bd5 $17 {White must now prevent ...Re8.} 20. Bf3 Bxf3+ 21. gxf3 Qxf3+ 22. Kc2 Qf5+ 23. Qd3 Qxd3+ 24. Kxd3 d5) 20. Nxb7 $15 Qxb7 21. a4 {[%cal Ba3a4,Ba4a5,Ba5a6][%mdl 32]} d5 22. a5 Nc4 23. Qa4 Bd6 (23... Nxb2+ $2 24. Bxb2 c4 25. Bc1 $18) 24. a6 Qa7 (24... Qb6 $15 {stays ahead.}) 25. Kc2 {[%mdl 1024] White has strong compensation.} Nb6 ({Black should play} 25... Ne5 $1 $14) 26. Qc6 $18 Rde8 27. Bg4+ Kd8 28. Bg5+ f6 {[#]} 29. Bh5 $1 $40 {[%cal Re1e8][%mdl 128] White is out for blood.} Rxe1 {Loses the game.} (29... Re4 $16 {keeps fighting.}) 30. Rxe1 {White wants to mate with Re8+.} Nd7 31. Bd2 g6 ({Weaker is} 31... Ne5 {[#]} 32. Rxe5 $1 {[%mdl 512]} (32. Qb7 $2 Qxb7 33. axb7 c6 $19) 32... fxe5 33. Bg4 Ke7 34. Qd7+ Kf8 35. Be6 Be7 36. Qc8+ Bd8 37. Qxd8#) (31... h6 $142 32. Re6 (32. Qxd5 Qxa6 33. Qf7 Ne5 $14) (32. Bg4 Nb8 $14) 32... Rf8) 32. Bg4 {[%csl Gg4][%cal Rc6d7]} f5 33. Be2 {White threatens Bb5 and mate.} c4 34. Bf3 Qb6 $2 (34... h6 35. Bxd5 Nb8) 35. Qa8+ Nb8 36. Bxd5 (36. Qxd5 $142 h6 37. Qe6 Nxa6 38. Qf6+ {[%mdl 64] Double Attack} Kd7 39. Qg7+ Be7 40. Rxe7+ Kd8 41. Bxh6 Qf2+ 42. Re2 Qxe2+ {[%mdl 64] Remove Defender} 43. Bxe2) 36... c6 37. Bxc4 {Re6 is the strong threat.} Kc7 38. Be3 c5 39. a7 f4 {[#]} 40. Bxf4 $1 {[%mdl 576] Deflection. White mates.} Bxf4 41. Re7+ Kd8 42. Rb7 {[%mdl 64] Pin.  Weighted Error Value: White=0.23/Black=0.56} 1-0

[Event "FE Carnevale GM Elite 2021"]
[Site "Bassano del Grappa"]
[Date "2021.02.13"]
[Round "1.5"]
[White "Kuhn, Clement"]
[Black "Bernadskiy, Vitaliy"]
[Result "0-1"]
[WhiteElo "2240"]
[BlackElo "2600"]
[Annotator "TA"]
[PlyCount "80"]
[EventDate "2021.02.12"]
[EventType "tourn"]
[EventCountry "ITA"]
[SourceTitle "playchess.com"]
[Source "ChessBase"]
[SourceQuality "1"]

{[%evp 9,80,18,20,17,20,18,22,15,13,12,16,11,12,12,8,9,8,6,14,0,0,0,0,0,0,0,0,-70,-22,-34,-25,-32,-33,-41,-33,-227,-227,-227,-227,-221,-227,-220,-216,-216,-209,-439,-431,-413,-382,-529,-509,-497,-524,-516,-512,-45,0,0,0,-230,-217,-373,-370,-694,-726,-705,-686,-1351,-1295,-5114,-2366,-2174,-2159]} 1. e4 {Giri,A} c5 2. Nf3 d6 3. Bb5+ Nd7 4. c3 Ngf6 5. Bd3 g6 6. Bc2 {[#] B51: Sicilian: Moscow Variation (3 Bb5+) without 3...Bd7.} Ne5 $146 ({Predecessor:} 6... Bg7 7. d4 O-O 8. O-O b5 9. e5 Ne8 10. e6 fxe6 11. Ng5 Nc7 12. dxc5 Nxc5 13. Nxh7 Kxh7 {0-1 (36) Nepomniachtchi,I (2775)-Giri,A (2779) Zagreb 2019 CBM 191 [Giri,A]}) 7. Nxe5 dxe5 8. d3 {The position is equal.} Bg7 9. O-O O-O 10. Nd2 Qc7 11. a4 Rd8 12. Qe2 Nh5 13. g3 Bh6 14. Nc4 Bxc1 15. Rfxc1 Be6 16. Bb3 Rd7 17. Ra3 Rad8 18. Ne3 (18. Rd1 $11) 18... Bxb3 (18... c4 $5 19. Bxc4 Bxc4 20. Nxc4 (20. dxc4 Rd2 $15) 20... Rxd3 $15) 19. Rxb3 Nf6 20. Rd1 Qc6 21. h3 b6 {Hoping for ...Nxe4!} 22. Nc4 $2 (22. Ra3 $15) 22... Qxa4 $19 23. Ra3 {[#]} Qxc4 {[%mdl 512]} 24. dxc4 Rxd1+ 25. Kg2 R1d2 26. Qe1 R8d3 27. Ra1 $2 (27. Rxa7 Nh5 28. Qc1 (28. Rxe7 $2 Rxg3+ 29. Kh2 Rgd3 $19)) 27... h5 28. b4 h4 29. g4 Nh7 30. bxc5 bxc5 31. Qb1 Ng5 {Threatens to win with ...Rg3+.} 32. Ra2 $2 (32. Qb8+ $19 Kh7 33. Qxe5 Nxh3 34. Rf1 Rg3+ 35. Qxg3 hxg3 36. Rh1 gxf2 37. Kxh3) 32... Rd1 (32... f6 $5 {[%cal Rd2d1]} 33. Rxd2 Rxd2 $15) 33. Qb8+ {[%mdl 64] Double Attack} Rd8 (33... Kh7 $5 34. Qf8 $8 Nxh3 35. Qxf7+ Kh6 36. Qf8+ (36. Rxa7 {is a self mate.} Nf4+ 37. Qxf4+ exf4 38. Ra2 f3+ 39. Kh2 Rxc3 40. Rd2 Rxd2 41. e5 Rc1 42. g5+ Kxg5 43. e6 Rxf2+ 44. Kh3 Rh1#) 36... Kg5 37. Qxe7+ {[%mdl 64] Double Attack} Kxg4 38. Qe6+ {[%mdl 64] Double Attack} Kh5 39. Qxe5+ {[%mdl 64] Double Attack} Kg4 40. Qe6+ (40. Rxa7 $2 Nf4+ 41. Qxf4+ Kxf4 $19) 40... Kg5 41. Qe5+ Kg4 42. Qe6+ (42. Rxa7 $2 Nf4+ 43. Qxf4+ Kxf4 $19) 42... Kg5 43. Qe5+ Kg4 $11) 34. Qb7 {[#]} ({Don't go for} 34. Qxe5 $2 Rg1+ $3 {[%mdl 512]} 35. Kxg1 Nf3+ 36. Kf1 Nxe5 $19) (34. Qxa7 $11 Ne6 35. Qxe7) 34... R1d7 $1 {[%cal Rd7b7]} 35. Qb1 (35. Qc6 Ne6 36. Kh2) 35... Ne6 36. f3 $2 (36. Rc2) 36... Nf4+ {Black is clearly winning.} 37. Kh2 Rd3 38. Rf2 Rd1 39. Qb7 Rc1 (39... Re1 $142 40. Qb3 Rdd1 41. Qxd1 Rxd1) 40. Qb2 Rdd1 {[%csl Gc1][%cal Rd1h1] Weighted Error Value: White=0.75/Black=0.11} 0-1

[Event "FE Carnevale GM Elite 2021"]
[Site "Bassano del Grappa"]
[Date "2021.02.13"]
[Round "2.1"]
[White "Suarez Uriel, Adrian"]
[Black "Bernadskiy, Vitaliy"]
[Result "0-1"]
[WhiteElo "2360"]
[BlackElo "2600"]
[Annotator "TA"]
[PlyCount "52"]
[EventDate "2021.02.12"]
[EventType "tourn"]
[EventCountry "ITA"]
[SourceTitle "playchess.com"]
[Source "ChessBase"]
[SourceQuality "1"]

{[%evp 9,52,25,28,21,7,15,0,-5,0,-23,-23,-26,-27,-25,-33,-20,-21,-24,7,8,0,-22,0,0,27,27,39,33,84,45,75,89,122,116,106,117,145,130,433,112,127,-457,-475,-29996,893]} 1. e4 c5 2. Ne2 Nf6 3. Nbc3 d6 4. d4 cxd4 5. Nxd4 a6 6. h4 {B90: Sicilian Najdorf: Unusual White 6th moves, 6 Be3 Ng4 and 6 Be3 e5.} Nc6 7. h5 h6 8. Be2 {The position is equal.} e5 9. Nb3 Be6 {[#]} 10. Bf3 $146 ({Predecessor:} 10. f4 Na5 11. f5 Nxb3 12. axb3 Bd7 13. Bf3 Qb6 14. Qd3 Bc6 15. Be3 Qc7 16. O-O-O {1-0 (67) Zeynalov,T (1709)-Shahlarov,F (1798) Sivas 2019}) 10... Be7 11. Be3 O-O 12. Nd5 Bxd5 13. exd5 Nb8 14. Qd3 Nbd7 15. Qf5 Rc8 16. O-O-O Qc7 17. Kb1 Rfe8 18. Nd2 Bd8 (18... Nc5 $14) 19. c4 e4 20. Bxe4 Re5 21. Qf3 Nxe4 22. Nxe4 Qxc4 23. Nxd6 {[%mdl 64] Double Attack} Qc2+ 24. Ka1 Bf6 25. Rc1 $2 {[%mdl 8192] [#]} ({Don't go for} 25. Nxc8 $2 Rxe3 $1 {[%mdl 512]} 26. Qxf6 Nxf6 $19) (25. Rb1 $1 $16 {Hoping for Rhc1.} Rd8 26. Rhc1) 25... Rxh5 $1 $19 {[%csl Gc2][%cal Rf6b2][%mdl 512]} 26. Rb1 {[#]} (26. Qxf6 $19 Nxf6 27. Rhg1 Qxc1+ {[%mdl 64] Clearance} 28. Bxc1) 26... Re5 $4 {[%mdl 40960] Weighted Error Value: White=0.75/Black=0.10. Loss on time!?} (26... Qxb2+ $3 {[%mdl 512] avoids the disaster.} 27. Rxb2 Rxh1+ 28. Qd1 Rxd1+ 29. Bc1 Rdxc1#) 0-1

[Event "FE Carnevale GM Elite 2021"]
[Site "Bassano del Grappa"]
[Date "2021.02.13"]
[Round "2.2"]
[White "Basso, Pier Luigi"]
[Black "Kuhn, Clement"]
[Result "1/2-1/2"]
[WhiteElo "2553"]
[BlackElo "2240"]
[Annotator "TA"]
[PlyCount "82"]
[EventDate "2021.02.12"]
[EventType "tourn"]
[EventCountry "ITA"]
[SourceTitle "playchess.com"]
[Source "ChessBase"]
[SourceQuality "1"]

{[%evp 17,82,83,84,66,72,35,48,48,69,25,97,16,12,0,0,0,6,0,0,0,11,13,9,0,0,0,2,2,3,0,1,0,0,0,0,0,0,0,0,0,0,0,0,0,0,0,0,0,0,0,0,0,0,0,0,0,0,0,0,0,0,0,0,0,0,0,0]} 1. d4 Nf6 2. c4 g6 3. Nf3 Bg7 4. e4 d6 5. Nc3 O-O 6. Be2 Nbd7 7. O-O e5 8. Be3 h6 9. dxe5 $1 {9.dxe5 scores better than 9.h3.} dxe5 10. h3 {E94: King's Indian: Classical: 6 Be2 e5 7 0-0: Various Black 7th moves.} c6 11. c5 Qe7 12. b4 {[#] White is slightly better.} b6 $146 ({Predecessor:} 12... Nh5 13. Bc4 Rd8 14. Qb3 Nf8 15. Rad1 Be6 16. b5 Nf4 17. bxc6 bxc6 18. Qa4 Bxc4 19. Qxc4 {½-½ (45) Moldobaev,E (2490)-Mamadshoev,M (2315) Yerevan 1996}) 13. Qc1 a5 (13... bxc5 $11 {keeps the balance.} 14. bxc5 Re8) 14. a3 ({Inferior is} 14. Bxh6 axb4 15. Nd1 Nxc5 $17) ({Better is} 14. b5 $16) 14... bxc5 $11 {The position is equal.} 15. bxc5 Re8 16. Bxh6 Nxc5 {With the idea ...Nb3.} 17. Bxg7 Kxg7 18. Qe3 Nb3 19. Rab1 a4 20. Nxa4 Rxa4 21. Qxb3 Qxa3 22. Qxa3 Rxa3 23. Ng5 Ra4 24. Ra1 Rd4 25. Ra7 Nxe4 26. Nxf7 {Nd6+ is the strong threat.} Bd7 27. Rd1 Nc3 {[%mdl 64] [#] Double Attack} 28. Rxd4 Nxe2+ 29. Kf1 exd4 30. Rxd7 {[%mdl 4096] Endgame KRN-KRN} Kf6 31. Nd6 Ke6 {[#] White must now prevent ...Ra8.} 32. Nxe8 {Strongly threatening Rd6+.} Kxd7 33. Kxe2 Kxe8 {K3P-K3P} 34. Kd3 c5 35. h4 Ke7 36. Ke4 Ke6 37. g4 Kf6 38. f4 Ke6 39. h5 gxh5 40. gxh5 Kf6 41. Kd3 Kf5 {Weighted Error Value: White=0.10/Black=0.07} 1/2-1/2

[Event "FE Carnevale GM Elite 2021"]
[Site "Bassano del Grappa"]
[Date "2021.02.13"]
[Round "2.3"]
[White "Blohberger, Felix"]
[Black "Brilej, Jaka"]
[Result "1/2-1/2"]
[WhiteElo "2477"]
[BlackElo "2268"]
[Annotator "TA"]
[PlyCount "73"]
[EventDate "2021.02.12"]
[EventType "tourn"]
[EventCountry "ITA"]
[SourceTitle "playchess.com"]
[Source "ChessBase"]
[SourceQuality "1"]

{[%evp 10,73,14,24,10,12,17,13,19,19,28,0,0,-10,14,19,15,25,20,7,69,71,68,76,147,39,140,164,123,0,9,0,0,0,66,64,64,39,33,21,77,68,82,78,81,0,0,0,0,0,0,-8,-3,-183,-112,-103,-110,-108,0,0,0,-112,0,0,748,744]} 1. d4 d5 2. Nf3 Nf6 3. c4 e6 4. Nc3 c6 5. Qb3 Nbd7 6. Bf4 Be7 {D43: Semi-Slav: 5 Bg5 h6.} 7. e3 O-O 8. Be2 b6 {The position is equal.} 9. cxd5 exd5 {[#]} 10. Ne5 $146 (10. Rc1 {is more complex.} Bb7 11. h3 c5 12. O-O c4 13. Qc2) ({Predecessor:} 10. O-O Bb7 11. Rfd1 Re8 12. Rac1 Nf8 13. Ne5 Ng6 14. Qa4 Nxe5 15. dxe5 Nd7 16. b4 {1-0 (37) Donchev,D (2490)-Radev Iordanov,N (2325) Sofia 1984}) 10... Nxe5 11. dxe5 Ne8 12. O-O Nc7 13. Rad1 Ne6 14. Bg3 Qc7 ({Black should try} 14... g6 $11) 15. f4 $14 g6 16. Qc2 Bc5 (16... Qd7 $142) 17. f5 ({Only move:} 17. Kh1 $1 $16) 17... Bxe3+ (17... Ng7 $1 $14 18. e6 Qb7) 18. Kh1 $1 $16 (18. Bf2 $6 Bxf2+ 19. Rxf2 gxf5 $11) 18... gxf5 19. Qxf5 (19. Rxf5 $16 Qe7 20. Rf6) 19... Qe7 $1 $11 {[#]} 20. Rxd5 $1 Nf4 21. Qe4 f5 22. Qxe3 $14 Nxd5 23. Nxd5 cxd5 24. Qf4 a5 (24... Bd7 $11) 25. Bh4 Qe6 26. Rf3 Ra7 27. Bf6 (27. Bg5 $16) 27... Rxf6 $11 28. exf6 {Black must now prevent Rg3+.} Qxe2 29. h3 Qe6 {Hoping for ...Rf7.} ({Wrong is} 29... Qxb2 $2 30. Rg3+ Kf7 31. Rg7+ Kxf6 32. Rxa7 $18) 30. Qg5+ Kh8 {aiming for ...Rf7.} 31. Qh6 $2 {[#]} (31. f7 $1 $11 {and White is okay.} Qxf7 32. Qd8+ Qg8 33. Qf6+ Rg7 34. Rg3) 31... Qe1+ (31... Qg8 $1 $19 {Threatens to win with ...Rf7.} 32. Qe3 Rf7 33. Qxb6 Rf8) 32. Kh2 $17 {[%cal Rh6f8]} Qe5+ 33. Kg1 {[%cal Rh6f8]} Qe1+ 34. Kh2 $1 {[%cal Rh6f8]} Qe5+ 35. Kg1 $1 {[%cal Rh6f8] [#]} Qe1+ ({Better is} 35... Rf7 $1 $17 {[%cal Rf7f6]} 36. Re3 Rxf6 37. Rxe5 Rxh6 38. Re8+ Kg7 39. Rxc8 Kf6) 36. Kh2 $1 $11 {[%cal Rh6f8]} Rf7 {[%mdl 8192]} (36... Qe8 $11 37. Rg3 d4) 37. Re3 {[%mdl 32768] Weighted Error Value: White=0.22/Black=0.30. An unexpected result.} 1/2-1/2

[Event "FE Carnevale GM Elite 2021"]
[Site "Bassano del Grappa"]
[Date "2021.02.13"]
[Round "2.4"]
[White "Dardha, Daniel"]
[Black "Subelj, Jan"]
[Result "1-0"]
[WhiteElo "2503"]
[BlackElo "2418"]
[Annotator "TA"]
[PlyCount "63"]
[EventDate "2021.02.12"]
[EventType "tourn"]
[EventCountry "ITA"]
[SourceTitle "playchess.com"]
[Source "ChessBase"]
[SourceQuality "1"]

{[%evp 17,63,14,19,4,104,98,104,100,103,106,102,93,94,81,145,162,125,29,100,96,104,91,128,77,166,185,159,119,164,179,182,186,437,412,637,637,618,615,611,600,1300,1262,29987,29988,29997,1082,1006,695]} 1. c4 e6 2. Nc3 d5 3. d4 Be7 4. Nf3 Nf6 5. Bf4 O-O 6. e3 b6 7. Bd3 c5 8. cxd5 Nxd5 9. Nxd5 exd5 10. Ne5 {D37: Queen's Gambit Declined: 5 Bf4.} c4 (10... Bb7 $11) 11. Nxc4 $1 $16 dxc4 12. Be4 {[#] White is better.} g5 $146 ({Predecessor:} 12... Bb4+ 13. Kf1 Ba6 14. Bxa8 c3+ 15. Kg1 cxb2 16. Rb1 Ba3 17. Qb3 Qe7 18. Rxb2 Bxb2 19. Qxb2 {1-0 (45) Goormachtigh,J (2156)-Beukema,C (1767) Vlissingen 2017}) 13. Be5 f6 14. Bg3 $1 f5 15. Bxa8 {Hoping for Qf3.} Bb4+ (15... f4 $142) 16. Kf1 {Black must now prevent Qh5.} f4 {[#]} 17. Qc1 Bd6 (17... fxg3 $11 {remains equal.} 18. hxg3 (18. Qxc4+ $2 Kg7 $19) 18... Kg7) 18. Qxc4+ Kg7 {[#]} 19. Kg1 $1 Qf6 {[#]} 20. Qe2 Na6 {[#]} (20... h5 $16) 21. Be4 $1 h6 22. Rc1 {And now exf4 would win.} Nc7 {[#]} 23. Bb1 $1 Rf7 {[#]} (23... fxg3 24. hxg3) 24. Qc2 $1 Bb7 $2 (24... Kf8 25. Qd2 (25. exf4 gxf4 26. a3 Bb7 $16) 25... fxg3 26. hxg3 Rd7) 25. exf4 $18 gxf4 {[#]} (25... Bxf4 $142 26. h4 Kf8 27. hxg5 Qxg5) 26. Bh4 $1 {[%mdl 64] Deflection} Qxh4 27. Qg6+ {[%mdl 64] Double Attack} Kf8 {Threatens to win with ...Rf6.} 28. Qxd6+ {[%mdl 64] Double Attack} Kg8 29. Rxc7 {Intending Qg6+ and mate.} Qg4 {[#]} 30. Bh7+ $1 Kg7 (30... Kh8 31. Qd8+) 31. Rxf7+ (31. Qe5+ $142 Kxh7 32. Rxf7+ Kg8 33. Qe8#) 31... Kxf7 32. Qg6+ {Weighted Error Value: White=0.13/Black=0.73} 1-0